000 00478cam a22001932a 4500
001 006842
003 AR-FADEU
008 311216n1961####xxu####################dd
092 _a320.01
_bV489
100 _aVereker, Charles
245 _aEl desarrollo de la teoría política
260 _aBuenos Aires
260 _bEUDEBA
260 _c1961
300 _a351 p
440 _aLectores de eudeba
_n10
650 _aTEORIA POLITICA; SISTEMAS POLITICOS
942 _cBDGR
999 _c12656
_d12656